[Event "Stuttgart-chC int"]
[Site "Ditzingen"]
[Date "2014.05.29"]
[Round "1"]
[White "Ustaosman, Hasan"]
[Black "Yi, Danny"]
[Result "0-1"]
[WhiteElo "1007"]
[BlackElo "1405"]
[PlyCount "124"]
[EventDate "2014.05.29"]
[EventType "swiss"]
[EventRounds "7"]
[EventCountry "GER"]
[SourceTitle "EXT 2015"]
[Source "ChessBase"]
[SourceDate "2014.11.20"]
[SourceVersion "1"]
[SourceVersionDate "2014.11.20"]
[SourceQuality "1"]

1. e4 e5 2. Nc3 Nf6 3. f4 exf4 4. e5 Ng8 5. Nf3 d6 6. d4 dxe5 7. dxe5 Qxd1+ 8. Nxd1 Bf5 9. Bd3 Bxd3 10. cxd3 Bb4+ 11. Nd2 Nc6 12. 0-0 Bc5+ 13. Kh1 Nge7 14. Ne4 Bd4 15. Bxf4 Nxe5 16. Bxe5 Bxe5 17. Ndc3 0-0 18. Rad1 Rad8 19. Rfe1 Nd5 20. g3 Rfe8 21. d4 Nxc3 22. bxc3 Bd6 23. Nxd6 cxd6 24. Rxe8+ Rxe8 25. a4 Re3 26. Rb1 Re7 27. a5 f6 28. Rb2 Rc7 29. Rb3 Kf7 30. Kg2 Ke6 31. Kf3 Kd5 32. Ke3 Kc4 33. Ra3 Re7+ 34. Kd2 d5 35. Ra4+ Kb5 36. Ra1 h5 37. Kd3 f5 38. Rf1 g6 39. h3 Kxa5 40. c4 dxc4+ 41. Kxc4 b5+ 42. Kc5 Rc7+ 43. Kd6 Kb6 44. d5 a5 45. Ke6 Rc4 46. Re1 Rd4 47. Kd6 Re4 48. Rc1 Rc4 49. Rd1 a4 50. Kd7 Rc7+ 51. Kd8 Ra7 52. d6 Kc6 53. d7 a3 54. Ke8 Rxd7 55. Rxd7 b4 56. Ke7 a2 57. Rd6+ Kc5 58. Rxg6 a1Q 59. Rg5 Qe5+ 60. Kf7 b3 61. Kg6 b2 62. Rxf5 b1Q 0-1